Najmniejsze miasta w Polsce według powierzchni - Statystyki

Ogólne statystyki
  • Ten quiz został rozwiązany 9 razy
  • Średni wynik to 3 z 20
Statystyki odpowiedzi
Odpowiedź % Poprawnych
Stawiszyn
57%
Błaszki
29%
Ostroróg
29%
Dobra
14%
Działoszyce
14%
Jutrosin
14%
Książ Wielkopolski
14%
Nowe Skalmierzyce
14%
Radzyń Chełmiński
14%
Raszków
14%
Świerzawa
14%
Szlichtyngowa
14%
Turobin
14%
Bisztynek
0%
Chodecz
0%
Lubraniec
0%
Miasteczko Krajeńskie
0%
Michałowo
0%
Wielichowo
0%
Żerków
0%
Nie znaleziono quizów pasujących do podanych kryteriów
Rozkład punktacji
Procent ludzi z każdym wynikiem
Percentyl według liczby udzielonych odpowiedzi
Twoja historia wyników
Nie rozwiązałeś tego quizu